<?xml version="1.0" encoding="UTF-8"?>
<record
    xmlns:xsi="http://www.w3.org/2001/XMLSchema-instance"
    xsi:schemaLocation="http://www.loc.gov/MARC21/slim http://www.loc.gov/standards/marcxml/schema/MARC21slim.xsd"
    xmlns="http://www.loc.gov/MARC21/slim">

  <leader>00643nam a2200169Ia 4500</leader>
  <controlfield tag="008">240426s9999    xx            000 0 und d</controlfield>
  <datafield tag="020" ind1=" " ind2=" ">
    <subfield code="a">97898661318999866131890</subfield>
  </datafield>
  <datafield tag="041" ind1=" " ind2=" ">
    <subfield code="a">chi</subfield>
  </datafield>
  <datafield tag="050" ind1=" " ind2=" ">
    <subfield code="a">BT695 </subfield>
    <subfield code="b">.G3912 2021</subfield>
  </datafield>
  <datafield tag="100" ind1=" " ind2=" ">
    <subfield code="a">&#x845B;&#x64C1;&#x83EF;</subfield>
  </datafield>
  <datafield tag="245" ind1=" " ind2="0">
    <subfield code="a">&#x591A;&#x8207;&#x4E00;&#xA0;:&#xA0;</subfield>
    <subfield code="b">&#x5967;&#x53E4;&#x65AF;&#x4E01;&#x8207;&#x963F;&#x594E;&#x90A3;&#x8AD6;&#x5275;&#x9020;&#x7684;&#x5206;&#x53D7;/</subfield>
    <subfield code="c">&#x845B;&#x64C1;&#x83EF;</subfield>
  </datafield>
  <datafield tag="246" ind1=" " ind2=" ">
    <subfield code="a">&#x591A;&#x4E0E;&#x4E00;&#xA0;:&#xA0;</subfield>
    <subfield code="b">&#x5965;&#x53E4;&#x65AF;&#x4E01;&#x4E0E;&#x963F;&#x594E;&#x90A3;&#x8BBA;&#x521B;&#x9020;&#x7684;&#x5206;&#x53D7;/</subfield>
  </datafield>
  <datafield tag="260" ind1=" " ind2=" ">
    <subfield code="a">&#x65B0;&#x5317;&#x5E02; : </subfield>
    <subfield code="b">&#x53F0;&#x7063;&#x57FA;&#x7763;&#x6559;&#x6587;&#x85DD;, </subfield>
    <subfield code="c">2023</subfield>
  </datafield>
  <datafield tag="300" ind1=" " ind2=" ">
    <subfield code="a">xxviii, 226 p. </subfield>
    <subfield code="b">; </subfield>
    <subfield code="c">21 cm.</subfield>
  </datafield>
  <datafield tag="650" ind1=" " ind2=" ">
    <subfield code="a">Augustine,&#x2014;of Hippo, Saint,&#x2014;354-430.Thomas,&#x2014;Aquinas, Saint,&#x2014;1225?-1274.Creation&#x2014;History of doctrines.</subfield>
  </datafield>
  <datafield tag="952" ind1=" " ind2=" ">
    <subfield code="0">0</subfield>
    <subfield code="1">0</subfield>
    <subfield code="4">0</subfield>
    <subfield code="7">0</subfield>
    <subfield code="a">GETS</subfield>
    <subfield code="b">GETS</subfield>
    <subfield code="c"> GEN</subfield>
    <subfield code="d">2024-04-26</subfield>
    <subfield code="l">0</subfield>
    <subfield code="o">BT695 .G3912 2021</subfield>
    <subfield code="p">00033839</subfield>
    <subfield code="r">2024-04-26 16:26:49</subfield>
    <subfield code="t">c.2</subfield>
    <subfield code="w">2024-04-26</subfield>
    <subfield code="y">CB</subfield>
  </datafield>
  <datafield tag="999" ind1=" " ind2=" ">
    <subfield code="c">52967</subfield>
    <subfield code="d">52967</subfield>
  </datafield>
</record>
